En nombre de la vida: Alto a la carrera armamentista

Na minha lista:
Detalhes bibliográficos
Autor Corporativo: Consejo Mundial de la Paz
Formato: Texto
Publicado em: Helsinki: CMP. Centro de Información
Assuntos:
Tags: Adicionar Tag
Sem tags, seja o primeiro a adicionar uma tag!

MARC

LEADER 00000 a a2200000 04500
001 13910
003
040 |a CRAI/IIS  |c CRAI/IIS 
090 |a 017300  
110 |a Consejo Mundial de la Paz  
245 |a En nombre de la vida: Alto a la carrera armamentista  
260 |a Helsinki:   |b CMP. Centro de Información  
300 |a 62 ps.  
650 |a PAZ  
650 |a COEXISTENCIA PACIFICA  
650 |a MANTENIMIENTO DE LA PAZ  
650 |a ARMAMENTISMO  
650 |a ARMAS  
650 |a CONSECUENCIAS ECONOMICAS  
650 |a CONSECUENCIAS SOCIALES  
650 |a DESARME  
650 |a PROTECCION AMBIENTAL  
999 |c 17679  |d 17679